000 00520nam a2200205Ia 4500
003 OSt
005 20230608101807.0
008 210423s2005 xx 000 0 und d
040 _cAL
041 _aeng
082 _a307.72
_223
_bMANR
100 _aMANDAL (G C)
_9122281
245 _aRural development
260 _aNew Delhi
_bConcept publishing company
_c2005
365 _b175
_cINR
650 _aRural Communities
_9122282
650 _aSociology
_9122283
906 _adevelopment ; Rural
942 _2ddc
_cBK
999 _c175214
_d175214